000 00295nam a2200133 i 4500
001 bg
100 1 _aMARZEC, Jan
245 0 _aPrzewozy kontenerów /
_cJan Marzec.
260 _aWarszawa,
_c1975.
040 _cBPK
041 _apol
942 _cKS
008 s pl f |000 0 pol
999 _c18950
_d18950
856 _uhttp://koha.tu.koszalin.pl/cgi-bin/koha/opac-detail.pl?biblionumber=18950
_yKatalog online BPK